| 000 | 01012nam a2200241Ia 4500 | ||
|---|---|---|---|
| 005 | 20161012120741.0 | ||
| 008 | 161012s2014 ck fr 001 0 spa d | ||
| 020 | _a9789583509940 | ||
| 035 | _a(OCoLC)903065499 | ||
| 040 |
_aCO-BoUCM _bspa _cSandra Palacio _dSandra Palacio |
||
| 041 | 0 | _aspa | |
| 100 | 1 |
_aGil Botero, Enrique _939596 |
|
| 245 | 1 | 3 |
_aLa constitucionalización del derecho de daños _bnuevo sistema de daños en la responsabilidad extracontractual del Estado _cEnrique Gil Botero |
| 260 |
_aBogotá (Colombia) _bTemis _c2014 |
||
| 300 | _a135 páginas | ||
| 504 | _aIncluye referencias bibliográficas e índices | ||
| 650 | 1 | 7 |
_aDaños y perjuicios _xResponsabilidad civil extracontractual _vEstudios _zColombia _981091 |
| 650 | 2 | 7 |
_aAdministración pública _xNormas constitucionales _vAnálisis _981092 |
| 650 | 2 | 7 |
_aResponsabilidad (Derecho) _923666 |
| 690 |
_aDerecho administrativo _912695 |
||
| 942 |
_2DEWEY _cLIBRO _a8 _e1 _h342.088 _mG463cd |
||
| 999 |
_c305033 _d305033 |
||